Devinez le Département Mystère #2 - Statistiques

Statistiques générales
  • Ce quiz a été pris 479 fois
  • Le résultat moyen est 27 sur 33
Statistiques - réponses
Type de Réponse Réponse % Correct
Lettre Trouvée E
100%
Lettre de l'Alphabet A
99%
Lettre de l'Alphabet I
99%
Lettre de l'Alphabet N
99%
Lettre Trouvée R
99%
Lettre Trouvée O
98%
Lettre de l'Alphabet S
97%
Lettre Trouvée L
96%
Lettre de l'Alphabet T
96%
Lettre de l'Alphabet D
95%
Lettre de l'Alphabet H
95%
Lettre de l'Alphabet U
93%
Lettre de l'Alphabet C
92%
Lettre de l'Alphabet M
90%
Lettre de l'Alphabet V
87%
Lettre de l'Alphabet B
82%
Lettre Bien Placée E
82%
Lettre de l'Alphabet G
82%
Lettre de l'Alphabet Y
82%
Lettre de l'Alphabet P
81%
Lettre de l'Alphabet F
75%
Lettre Bien Placée O
73%
Lettre Bien Placée L
72%
Lettre de l'Alphabet J
68%
Lettre de l'Alphabet Q
68%
Lettre Bien Placée R
65%
Lettre de l'Alphabet X
65%
Lettre Trouvée Z
65%
Lettre Bien Placée È
64%
Lettre de l'Alphabet K
62%
Département Mystère Lozère
62%
Lettre de l'Alphabet W
62%
Lettre Bien Placée Z
62%
Aucun quiz correspondant
Distribution des résultats
% des personnes avec chaque résultat
Percentile par nombre de réponses
Votre historique - résultats
Vous n’avez pas pris ce quiz